[Event "Niteroi op 3rd"]
[Site "Niteroi"]
[Date "2023.09.09"]
[Round "8"]
[White "Baeta, Marcio Netto"]
[Black "Da Cunha, Fabio Barbosa"]
[Result "0-1"]
[WhiteElo "1862"]
[BlackElo "2077"]
[PlyCount "60"]
[EventDate "2023.09.04"]
[EventType "swiss"]
[EventRounds "9"]
[EventCountry "BRA"]
[SourceTitle "EXT 2024"]
[Source "ChessBase"]
[SourceDate "2023.10.10"]
[SourceVersion "1"]
[SourceVersionDate "2023.10.10"]
[SourceQuality "1"]

1. c4 c5 2. Nc3 Nc6 3. g3 e5 4. Bg2 g6 5. e4 Bg7 6. d3 Nge7 7. Nge2 0-0 8. 0-0 d6 9. f4 f5 10. Be3 Nd4 11. Bxd4 cxd4 12. Nd5 Nxd5 13. exd5 Qb6 14. fxe5 dxe5 15. Qb3 Bd7 16. Qxb6 axb6 17. b4 Ra3 18. Rfd1 Rfa8 19. Rd2 Bh6 20. Rc2 Be3+ 21. Kf1 Rxd3 22. c5 Bb5 23. d6 e4 24. a4 Rxa4 25. Re1 Rb3 26. cxb6 d3 27. Rc8+ Kg7 28. Nc3 Rxc3 29. Rc5 Rxc5 30. Rxe3 Rc1+ 0-1

[Event "Niteroi op 3rd"]
[Site "Niteroi"]
[Date "2023.09.05"]
[Round "2"]
[White "Nobre, Jailson Altair Barb"]
[Black "Da Cunha, Fabio Barbosa"]
[Result "0-1"]
[WhiteElo "1592"]
[BlackElo "2077"]
[PlyCount "66"]
[EventDate "2023.09.04"]
[EventType "swiss"]
[EventRounds "9"]
[EventCountry "BRA"]
[SourceTitle "EXT 2024"]
[Source "ChessBase"]
[SourceDate "2023.10.10"]
[SourceVersion "1"]
[SourceVersionDate "2023.10.10"]
[SourceQuality "1"]

1. Nf3 c5 2. c4 Nc6 3. g3 g6 4. Bg2 Bg7 5. Nc3 e5 6. d3 Nge7 7. 0-0 d6 8. a3 0-0 9. Rb1 a5 10. b3 h6 11. Ne1 f5 12. Nc2 f4 13. Nd5 g5 14. b4 axb4 15. axb4 Nxd5 16. Bxd5+ Kh8 17. bxc5 dxc5 18. Ba3 Rxa3 19. Nxa3 Bh3 20. Bg2 Bxg2 21. Kxg2 Qc8 22. Nb5 Qd7 23. Qc2 g4 24. f3 Rg8 25. Qd2 h5 26. Kf2 Bh6 27. Ke1 gxf3 28. Rxf3 Qh3 29. Qb2 fxg3 30. Rxg3 Rxg3 31. hxg3 Qxg3+ 32. Kd1 Nb4 33. Qa1 Qg1# 0-1

[Event "Niteroi op 2nd"]
[Site "Niteroi"]
[Date "2022.09.04"]
[Round "6"]
[White "Da Cunha, Fabio Barbosa"]
[Black "Nunes, Agatha Hurba"]
[Result "0-1"]
[WhiteElo "2130"]
[BlackElo "1777"]
[PlyCount "76"]
[EventDate "2022.09.01"]
[EventType "swiss"]
[EventRounds "9"]
[EventCountry "BRA"]
[SourceTitle "CBM 210 Extra"]
[Source "ChessBase"]
[SourceDate "2022.11.30"]
[SourceVersion "1"]
[SourceVersionDate "2022.11.30"]
[SourceQuality "1"]

1. e4 e6 2. d3 d5 3. Nd2 c5 4. Ngf3 Nc6 5. g3 Nf6 6. Bg2 Be7 7. 0-0 0-0 8. e5 Nd7 9. Re1 Qc7 10. Qe2 b5 11. Nf1 a5 12. Bf4 b4 13. h4 Ba6 14. N1h2 c4 15. Ng5 Bxg5 16. hxg5 Nd4 17. Qh5 cxd3 18. Ng4 Qxc2 19. Nf6+ gxf6 20. gxf6 d2 21. Be4 dxe1Q+ 22. Rxe1 Qxe4 23. Rxe4 Nf5 24. Re1 Kh8 25. Kg2 Bd3 26. g4 Nd4 27. Bh6 Rg8 28. Qxf7 Rxg4+ 29. Kh3 Bf5 30. Kh2 Nf3+ 31. Kh1 Rh4+ 32. Kg2 Nxe1+ 33. Kf1 Rh1+ 34. Ke2 Bd3+ 35. Kd2 Nf3+ 36. Ke3 Re1+ 37. Kf4 Re4+ 38. Kg3 Rg4+ 0-1

[Event "Niteroi op 2nd"]
[Site "Niteroi"]
[Date "2022.09.01"]
[Round "1"]
[White "Rovedo, Salomao"]
[Black "Da Cunha, Fabio Barbosa"]
[Result "0-1"]
[WhiteElo "1592"]
[BlackElo "2130"]
[PlyCount "40"]
[EventDate "2022.09.01"]
[EventType "swiss"]
[EventRounds "9"]
[EventCountry "BRA"]
[SourceTitle "CBM 210 Extra"]
[Source "ChessBase"]
[SourceDate "2022.11.30"]
[SourceVersion "1"]
[SourceVersionDate "2022.11.30"]
[SourceQuality "1"]

1. d4 Nf6 2. Nf3 g6 3. g3 Bg7 4. Bg2 0-0 5. 0-0 d6 6. c3 Nbd7 7. Re1 h6 8. h4 e5 9. e4 Qe7 10. b3 Ng4 11. Bb2 c5 12. dxc5 Nxc5 13. Nbd2 Be6 14. b4 Nd3 15. Rf1 Nxb2 16. Qc2 Nc4 17. Nxc4 Bxc4 18. Rfd1 f5 19. Nd2 Be6 20. f3 Ne3 0-1

[Event "Niteroi op 1st"]
[Site "Niteroi"]
[Date "2019.09.08"]
[Round "7"]
[White "Matsuura, Everaldo"]
[Black "Da Cunha, Fabio Barbosa"]
[Result "1-0"]
[WhiteElo "2445"]
[BlackElo "2117"]
[PlyCount "51"]
[EventDate "2019.09.04"]
[EventType "swiss"]
[EventRounds "7"]
[EventCountry "BRA"]
[SourceTitle "EXT 2020"]
[Source "ChessBase"]
[SourceDate "2019.10.17"]
[SourceVersion "1"]
[SourceVersionDate "2019.10.17"]
[SourceQuality "1"]

1. c4 Nf6 2. Nc3 d6 3. g3 g6 4. Bg2 Bg7 5. e4 Nbd7 6. Nge2 e5 7. 0-0 0-0 8. d3 Re8 9. h3 a5 10. f4 exf4 11. Bxf4 Nh5 12. Be3 Ne5 13. Qd2 Be6 14. g4 Nf6 15. b3 c5 16. Rad1 h5 17. g5 Nfd7 18. d4 cxd4 19. Nxd4 Nc5 20. Ndb5 Ned3 21. Qe2 Qd7 22. Rf3 Ne5 23. Bxc5 Nxf3+ 24. Qxf3 dxc5 25. Rxd7 Bxd7 26. Nc7 1-0

[Event "Niteroi op 1st"]
[Site "Niteroi"]
[Date "2019.09.05"]
[Round "3"]
[White "Limp, Eduardo Thelio"]
[Black "Da Cunha, Fabio Barbosa"]
[Result "0-1"]
[WhiteElo "2373"]
[BlackElo "2117"]
[PlyCount "68"]
[EventDate "2019.09.04"]
[EventType "swiss"]
[EventRounds "7"]
[EventCountry "BRA"]
[SourceTitle "EXT 2020"]
[Source "ChessBase"]
[SourceDate "2019.10.17"]
[SourceVersion "1"]
[SourceVersionDate "2019.10.17"]
[SourceQuality "1"]

1. e4 c5 2. Nf3 Nc6 3. d4 cxd4 4. Nxd4 Nf6 5. Nc3 e5 6. Ndb5 d6 7. Bg5 a6 8. Na3 b5 9. Bxf6 gxf6 10. Nd5 f5 11. Bd3 Be6 12. c3 Bxd5 13. exd5 Ne7 14. 0-0 Bg7 15. Nc2 0-0 16. a4 bxa4 17. Rxa4 a5 18. Bb5 f4 19. c4 Ng6 20. b4 axb4 21. Rxa8 Qxa8 22. Nxb4 Qa3 23. Nc6 Ra8 24. Qc2 f3 25. g3 Qa2 26. Qe4 Qb3 27. h4 h5 28. Qf5 Ra2 29. Nd8 Nh8 30. Be8 Ra7 31. Bb5 Qc3 32. Kh2 Ra2 33. Nb7 Qe3 34. Kg1 Rxf2 0-1

[Event "Rio de Janeiro Estadual-ch"]
[Site "Rio de Janeiro"]
[Date "2018.09.29"]
[Round "5"]
[White "Da Cunha, Fabio Barbosa"]
[Black "Viana, Dirceu"]
[Result "0-1"]
[WhiteElo "2110"]
[BlackElo "2192"]
[PlyCount "84"]
[EventDate "2018.09.22"]
[EventType "swiss"]
[EventRounds "6"]
[EventCountry "BRA"]
[SourceTitle "EXT 2020"]
[Source "ChessBase"]
[SourceDate "2019.10.17"]
[SourceVersion "1"]
[SourceVersionDate "2019.10.17"]
[SourceQuality "1"]

1. e4 e6 2. d4 d5 3. Nd2 Nf6 4. e5 Nfd7 5. Bd3 c5 6. c3 b6 7. Ne2 Ba6 8. Bxa6 Nxa6 9. 0-0 Nc7 10. f4 f5 11. exf6 Nxf6 12. Ng3 Bd6 13. Nf3 0-0 14. Ne5 Qe8 15. Be3 c4 16. Qe2 b5 17. Rf2 b4 18. Raf1 bxc3 19. bxc3 Rb8 20. Bc1 Nb5 21. Qe1 Bc7 22. a4 Nd6 23. Ba3 Qxa4 24. Bxd6 Bxd6 25. f5 Rbe8 26. fxe6 Rxe6 27. Qb1 Qe8 28. Nf5 Bxe5 29. dxe5 Rxe5 30. Nd4 Qd7 31. Qb4 Rfe8 32. h3 Re1 33. Nf5 Rxf1+ 34. Rxf1 Ne4 35. Nd4 h6 36. Rf5 Ng3 37. Rf3 Qc7 38. Qb1 Ne2+ 39. Nxe2 Rxe2 40. Qf5 Qe5 41. Qg6 Qg5 42. Qe8+ Rxe8 0-1

[Event "Rio de Janeiro Estadual-ch"]
[Site "Rio de Janeiro"]
[Date "2018.09.22"]
[Round "2"]
[White "Baeta, Marcio Netto"]
[Black "Da Cunha, Fabio Barbosa"]
[Result "1/2-1/2"]
[WhiteElo "1960"]
[BlackElo "2110"]
[PlyCount "34"]
[EventDate "2018.09.22"]
[EventType "swiss"]
[EventRounds "6"]
[EventCountry "BRA"]
[SourceTitle "EXT 2020"]
[Source "ChessBase"]
[SourceDate "2019.10.17"]
[SourceVersion "1"]
[SourceVersionDate "2019.10.17"]
[SourceQuality "1"]

1. e4 c5 2. d4 cxd4 3. Nf3 Nc6 4. Nxd4 Nf6 5. Nc3 e5 6. Nb3 Bb4 7. Bd3 d5 8. exd5 Nxd5 9. 0-0 Nxc3 10. bxc3 Bxc3 11. Ba3 Bxa1 12. Qxa1 Qc7 13. f4 Be6 14. Nc5 0-0-0 15. f5 Bd7 16. Rb1 Na5 17. Na6 bxa6 1/2-1/2

[Event "Rio de Janeiro State-ch"]
[Site "Rio de Janeiro"]
[Date "2008.01.26"]
[Round "4.9"]
[White "Da Cunha, Fabio Barbosa"]
[Black "Silva, Marcelo dos Santos"]
[Result "1-0"]
[WhiteElo "2142"]
[BlackElo "2088"]
[PlyCount "91"]
[EventDate "2008.01.19"]
[EventType "swiss"]
[EventRounds "7"]
[EventCountry "BRA"]
[SourceTitle "EXT 2022"]
[Source "ChessBase"]
[SourceDate "2021.10.06"]
[SourceVersion "1"]
[SourceVersionDate "2021.10.06"]
[SourceQuality "1"]

1. e4 e6 2. d4 d5 3. Nd2 dxe4 4. Nxe4 Bd7 5. Nf3 Bc6 6. Bd3 Nd7 7. 0-0 Ngf6 8. Qe2 Be7 9. Bf4 0-0 10. Rfe1 Re8 11. Neg5 Bxf3 12. Qxf3 Nf8 13. Rad1 Qd5 14. Ne4 c6 15. c4 Qa5 16. a3 Nxe4 17. Rxe4 Bf6 18. Bd2 Qc7 19. Rg4 Nd7 20. Bg5 Bxg5 21. Rxg5 Qd8 22. h4 Qf6 23. Qe4 Nf8 24. Bc2 Rad8 25. Rd3 Rd7 26. d5 cxd5 27. cxd5 Red8 28. Rf3 Qe7 29. Rfg3 g6 30. dxe6 Nxe6 31. Re5 Rd4 32. Qe1 Qxh4 33. Bb3 R4d6 34. Rge3 Rd4 35. g3 Qh3 36. Rxe6 Qxe6 37. Rxe6 fxe6 38. Qxe6+ Kg7 39. Qf7+ Kh6 40. Qxb7 R8d7 41. Qb8 Rd2 42. Qf8+ Kh5 43. Be6 R7d6 44. Qf4 Rd1+ 45. Kg2 g5 46. g4+ 1-0

[Event "Rio de Janeiro Masters"]
[Site "Rio de Janeiro"]
[Date "2007.06.03"]
[Round "6"]
[White "Von Buelow, Georg"]
[Black "Da Cunha, Fabio Barbosa"]
[Result "1-0"]
[WhiteElo "2354"]
[BlackElo "2155"]
[PlyCount "95"]
[EventDate "2007.05.26"]
[EventType "swiss"]
[EventRounds "7"]
[EventCountry "BRA"]
[SourceTitle "EXT 2008"]
[Source "ChessBase"]
[SourceDate "2007.11.25"]
[SourceVersion "1"]
[SourceVersionDate "2007.11.25"]
[SourceQuality "1"]

1. Nf3 Nf6 2. c4 g6 3. Nc3 Bg7 4. e4 d6 5. d4 0-0 6. Be2 Nbd7 7. 0-0 e5 8. Be3 h6 9. h3 Ne8 10. dxe5 dxe5 11. c5 f5 12. Qd5+ Kh8 13. c6 bxc6 14. Qxc6 Rb8 15. Qxg6 Rf6 16. Qh5 f4 17. Bc1 Rd6 18. Nh4 Nef6 19. Qf7 Nf8 20. Nf5 Bxf5 21. exf5 Rb4 22. a3 Rd7 23. Qa2 Rb8 24. b4 N8h7 25. Rd1 Rxd1+ 26. Bxd1 Ne4 27. Bb2 Nhg5 28. Nxe4 Nxe4 29. Bf3 Nd6 30. Qe6 Qf6 31. Rd1 Re8 32. Qxf6 Bxf6 33. Rc1 Re7 34. Rc6 Kg7 35. Ra6 e4 36. Bxf6+ Kxf6 37. Bg4 e3 38. fxe3 fxe3 39. Kf1 Ke5 40. Rxa7 Kf4 41. f6 Rf7 42. Bh5 Rxf6 43. Rxc7 Ke4+ 44. Bf3+ Kd3 45. Ke1 Nf5 46. Be2+ Ke4 47. g4 Nh4 48. Rc4+ 1-0

[Event "Rio de Janeiro Masters"]
[Site "Rio de Janeiro"]
[Date "2007.06.02"]
[Round "5"]
[White "Da Cunha, Fabio Barbosa"]
[Black "Okamura, Milton Kasuo"]
[Result "1-0"]
[WhiteElo "2155"]
[BlackElo "2189"]
[PlyCount "79"]
[EventDate "2007.05.26"]
[EventType "swiss"]
[EventRounds "7"]
[EventCountry "BRA"]
[SourceTitle "EXT 2008"]
[Source "ChessBase"]
[SourceDate "2007.11.25"]
[SourceVersion "1"]
[SourceVersionDate "2007.11.25"]
[SourceQuality "1"]

1. e4 e5 2. Nf3 Nc6 3. Bc4 Bc5 4. c3 Nf6 5. d4 Bb6 6. dxe5 Nxe4 7. Bxf7+ Kf8 8. Be3 Nxf2 9. Bxf2 Bxf2+ 10. Kxf2 Kxf7 11. Qd5+ Ke8 12. Rf1 Qe7 13. Nbd2 b6 14. Ne4 Ba6 15. Rfe1 Qe6 16. Qd2 h6 17. Rad1 Kd8 18. Kg1 Kc8 19. b4 Bc4 20. a4 Bb3 21. Rb1 Bxa4 22. Qd3 a6 23. c4 Re8 24. Nc3 b5 25. cxb5 axb5 26. Nxb5 Rb8 27. Nd6+ cxd6 28. exd6 Qf7 29. Qa6+ Kd8 30. Qxa4 Rxe1+ 31. Rxe1 Rxb4 32. Qc2 Qf6 33. Qc5 Rb2 34. Ne5 Nxe5 35. Qa5+ Ke8 36. Rxe5+ Kf7 37. Rf5 Rb1+ 38. Kf2 Rd1 39. Rxf6+ Kxf6 40. Qd8+ 1-0

[Event "Niteroi Curcio Memorial"]
[Site "Niteroi"]
[Date "2007.04.05"]
[Round "7.2"]
[White "Waghabi, Eduardo Ramos"]
[Black "Da Cunha, Fabio Barbosa"]
[Result "0-1"]
[WhiteElo "1830"]
[BlackElo "2155"]
[PlyCount "48"]
[EventDate "2007.02.22"]
[EventType "tourn"]
[EventRounds "9"]
[EventCountry "BRA"]
[SourceTitle "EXT 2022"]
[Source "ChessBase"]
[SourceDate "2021.10.06"]
[SourceVersion "1"]
[SourceVersionDate "2021.10.06"]
[SourceQuality "1"]

1. f4 e5 2. fxe5 d6 3. Nf3 Nc6 4. d3 dxe5 5. e4 Bc5 6. Nc3 Nge7 7. g3 Bg4 8. Bg2 a5 9. Bd2 0-0 10. h3 Bxf3 11. Bxf3 Nd4 12. Bg2 b5 13. Ne2 Nec6 14. Bc3 b4 15. Bxd4 Nxd4 16. Qd2 a4 17. h4 a3 18. b3 Nxe2 19. Qxe2 Bd4 20. Rd1 c5 21. Bf3 Ra6 22. Kf1 f5 23. exf5 Rxf5 24. Qe4 Rxf3+ 0-1

[Event "Niteroi Curcio Memorial"]
[Site "Niteroi"]
[Date "2007.03.01"]
[Round "2.4"]
[White "Maia, Marco Aurelio Ferre"]
[Black "Da Cunha, Fabio Barbosa"]
[Result "1-0"]
[WhiteElo "2177"]
[BlackElo "2155"]
[PlyCount "51"]
[EventDate "2007.02.22"]
[EventType "tourn"]
[EventRounds "9"]
[EventCountry "BRA"]
[SourceTitle "EXT 2022"]
[Source "ChessBase"]
[SourceDate "2021.10.06"]
[SourceVersion "1"]
[SourceVersionDate "2021.10.06"]
[SourceQuality "1"]

1. e4 c5 2. Nf3 Nc6 3. Bb5 e6 4. 0-0 Nge7 5. Re1 a6 6. Bf1 g6 7. d3 Qc7 8. c3 Bg7 9. Be3 d6 10. Qd2 Bd7 11. Na3 h6 12. Rac1 g5 13. h3 Ng6 14. d4 b6 15. Red1 Ke7 16. b4 cxb4 17. cxb4 Qb8 18. d5 Nce5 19. Nd4 exd5 20. Nf5+ Bxf5 21. exf5 Nh4 22. Qxd5 Nxf5 23. Nc4 b5 24. Na5 Nxe3 25. fxe3 Qb6 26. Nc6+ 1-0